| 000 | 01032cam a22003374a 4500 | ||
|---|---|---|---|
| 008 | |||
| 020 | _a9780702028168 (pbk.) | ||
| 049 | _aMAIN | ||
| 090 |
_aRT87.T45 _bPAL |
||
| 245 | 0 | 0 |
_aPalliative nursing : _bimproving end-of-life care / _cedited by Shaun Kinghorn [and] Sandra Gaines. |
| 250 | _a2nd ed. | ||
| 260 |
_aEdinburgh : _bChurchill Livingstone, _c2007. |
||
| 300 |
_axiii, 283 p. : _bill. ; _c25 cm. |
||
| 504 | _aIncludes bibliographical references. | ||
| 500 | _aIncludes index. | ||
| 650 | 0 | _aPalliative treatment. | |
| 650 | 0 | _aTerminal care. | |
| 650 | 0 | _aNursing. | |
| 650 | 1 | 2 |
_aNursing Care _xpsychology. |
| 650 | 1 | 2 |
_aPalliative Care _xpsychology. |
| 650 | 2 | 2 | _aEmpathy. |
| 650 | 2 | 2 | _aNurse-Patient Relations. |
| 650 | 2 | 2 |
_aTerminal Care _xpsychology. |
| 700 | 1 | _aKinghorn, Shaun. | |
| 700 | 1 | _aGaines, Sandra. | |
| 907 |
_a.b10331578 _b06-06-13 _c03-06-13 |
||
| 003 | |||
| 005 | 20230120204124.0 | ||
| 040 | _cNUST | ||
| 942 |
_cBOOKS _kRT87.T45 _mPAL |
||
| 999 |
_c117527 _d117527 |
||